Superman and Justice League America. #2 / Dan ... Read More
Available copies
- 1 of 2 copies available at LARL/NWRL Consortium.
- 1 of 2 copies available at Lake Agassiz Regional Library. (Show preferred library)
Current holds
0 current holds with 2 total copies.
Show Only Available Copies
| Location | Call Number / Copy Notes | Barcode | Shelving Location | Status | Due Date |
|---|---|---|---|---|---|
| Climax Public Library | Y G JUR (Text) | 33500012410726 | Main | Checked out | 05/29/2026 |
| Moorhead Public Library | Y G JUR (Text) | 33500012410718 | Main | Available | - |
Record details
- ISBN: 9781401263843 (paperback)
- ISBN: 1401263844 (paperback)
- Physical Description: 1 volume (unpaged) : color illustrations ; 26 cm
- Publisher: Burbank, CA : DC Comics, [2016]
Content descriptions
| General Note: | "Superman created by Jerry Siegel and Joe Shuster, by special arrangement with the Jerry Siegel ... Read More Chiefly illustrations. |
| Formatted Contents Note: | Down for the count / Dan Jurgens, penciler -- ... Read More |
| Summary, etc.: | "The Man of Steel has died! Falling at the hands ... Read More |
Search for related items by subject
| Subject: | Superman (Fictitious character) > Fiction. Justice Society of America (Fictitious characters) > Comic books, strips, etc. COMICS & GRAPHIC NOVELS / Superheroes. |
| Genre: | Comics (Graphic works) |
Search for related items by series
| LDR | 03280cam a22005418i 4500 | ||
|---|---|---|---|
| 001 | 216464 | ||
| 003 | LARL_NWRL_CONSORTIUM | ||
| 005 | 20160908205924.0 | ||
| 008 | 160715s2016 caua 6 000 1 eng | ||
| 020 | . | ‡a9781401263843 (paperback) | |
| 020 | . | ‡a1401263844 (paperback) | |
| 035 | . | ‡a(OCoLC)953738346 | |
| 042 | . | ‡apcc | |
| 082 | 0 | 0. | ‡a741.5/973 ‡223 |
| 084 | . | ‡aCGN004080 ‡2bisacsh | |
| 100 | 1 | . | ‡aJurgens, Dan, ‡eauthor, ‡eartist. ‡0(LARL_NWRL_CONSORTIUM)112402 |
| 245 | 1 | 0. | ‡aSuperman and Justice League America. ‡n#2 / ‡cDan Jurgens, Dan Mishkin, writers ; Dan Jurgens, Dave Cockrum, Rick Burchett, Romeo Tanghal, José Marzán Jr, Bob Smith, Sal Velluto, artists ; Gene D'Angelo, colorist ; Willie Schubert, Clem Robins, letterers ; Dan Jurgens, Rick Burchett, collection cover art. |
| 264 | 1. | ‡aBurbank, CA : ‡bDC Comics, ‡c[2016] | |
| 300 | . | ‡a1 volume (unpaged) : ‡bcolor illustrations ; ‡c26 cm | |
| 336 | . | ‡atext ‡btxt ‡2rdacontent | |
| 336 | . | ‡astill image ‡2rdacontent | |
| 337 | . | ‡aunmediated ‡bn ‡2rdamedia | |
| 338 | . | ‡avolume ‡bnc ‡2rdacarrier | |
| 490 | 0 | . | ‡aSuperman and Justice League America ; ‡v2 |
| 500 | . | ‡a"Superman created by Jerry Siegel and Joe Shuster, by special arrangement with the Jerry Siegel family." | |
| 500 | . | ‡aChiefly illustrations. | |
| 520 | . | ‡a"The Man of Steel has died! Falling at the hands of the monster Doomsday, the Justice League's most powerful member is now gone, and along with killing him, the creature grievously injures Leaguers Blue Beetle, Booster Gold and more! How will the Justice League re-collect in this moment of crisis? Who will be the newest members? And how will they deal in a world without Superman? Dan Jurgens, one of the main forces behind the top-selling "Death of Superman" saga takes over as writer and artist on JUSTICE LEAGUE OF AMERICA in these classic tales featuring a brand new League! Collects JUSTICE LEAGUE ANNUAL 6 and JUSTICE LEAGUE AMERICA 69-77"-- ‡cProvided by publisher. | |
| 505 | 0 | . | ‡aDown for the count / Dan Jurgens, penciler -- Grieving / Dan Jurgens, penciler -- A new look / Sal Velluto, penciler -- Destiny's hand, part 1 / Dan Jurgens, penciler -- Destiny's hand, part 2 / Dan Jurgens, penciler -- Destiny's hand, part 3 / Dan Jurgens, penciler -- Destiny's hand, finale / Dan Jurgens, penciler -- Blood secrets, part 1 / Rick Burchett, penciler -- Blood secrets, part 2 / Rick Burchett, penciler. |
| 650 | 0. | ‡aSuperman (Fictitious character) ‡vFiction. ‡0(LARL_NWRL_CONSORTIUM)175341 | |
| 650 | 0. | ‡aJustice Society of America (Fictitious characters) ‡vComic books, strips, etc. | |
| 650 | 7. | ‡aCOMICS & GRAPHIC NOVELS / Superheroes. ‡2bisacsh | |
| 655 | 7. | ‡aComics (Graphic works) ‡2lcgft | |
| 700 | 1 | . | ‡aMishkin, Daniel, ‡eauthor. |
| 700 | 1 | . | ‡aCockrum, Dave, ‡d1943-2006, ‡eartist. ‡0(LARL_NWRL_CONSORTIUM)183708 |
| 700 | 1 | . | ‡aBurchett, Rick, ‡eartist. ‡0(LARL_NWRL_CONSORTIUM)187052 |
| 700 | 1 | . | ‡aTanghal, Romeo, ‡eartist. |
| 700 | 1 | . | ‡aMarzán, José, ‡eartist. ‡0(LARL_NWRL_CONSORTIUM)136000 |
| 700 | 1 | . | ‡aSmith, Bob ‡q(Bob A.), ‡d1951- ‡eartist. |
| 700 | 1 | . | ‡aVelluto, Sal, ‡eartist. |
| 700 | 1 | . | ‡aD'Angelo, Gene, ‡ecolorist. |
| 700 | 1 | . | ‡aSchubert, Willie, ‡eletterer. ‡0(LARL_NWRL_CONSORTIUM)104587 |
| 700 | 1 | . | ‡aRobins, Clem, ‡d1955- ‡eletterer. ‡0(LARL_NWRL_CONSORTIUM)132425 |
| 901 | . | ‡a216464 ‡b ‡c216464 ‡tbiblio | |

Add to basket
Permalink
Disable Highlighting